| 000 | 00000nam 2200000za 4500 |
| 001 | 9.856002 |
| 003 | CaOODSP |
| 005 | 20221107155433 |
| 007 | cr ||||||||||| |
| 008 | 180501s2013 onc |o f000 0 fre d |
| 040 | |aCaOODSP|bfre |
| 043 | |an-cn-sn |
| 086 | 1 |aM159-14/2013F-PDF |
| 245 | 00|aProjet Aquistore, un projet de démonstration du stockage de CO2 dans des aquifères salins profonds |h[ressource électronique] / |c[Bureau de recherche et de développement énergétiques]. |
| 260 | |a[Ottawa : |bBureau de recherche et de développement énergétiques], |cc2013. |
| 300 | |a[1] p. |
| 500 | |aPubl. aussi en anglais sous le titre : Aquistore Project, a deep saline CO2 storage demonstration project. |
| 500 | |aTitre de départ. |
| 500 | |a« Révisé en mars 2013. » |
| 520 | |a« Le projet Aquistore est un projet indépendant de recherche et de démonstration du stockage de dioxyde de carbone (CO2) dans des aquifères salins profonds, lequel est géré par le Petroleum Technology Research Centre (PTRC), un organisme possédant plus de 10 années d’expérience dans la gestion du stockage et de la surveillance du CO2. Le projet établira que le CO2 capté à partir d’une source industrielle peut être stocké de façon sécuritaire dans des formations salines et de grès d’une profondeur de plus de trois kilomètres sous la surface de la Saskatchewan, à proximité de la centrale Boundary Dam 3 de la SaskPower, à Estevan. Le projet Aquistore permettra de faire la démonstration de la faisabilité scientifique et économique du stockage de CO2 dans des formations salines profondes et sera une source de connaissances pour d’autres compétences et entreprises songeant à faire de même »--Description du projet. |
| 692 | 07|2gccst|aGaz à effet de serre |
| 693 | 4|aStockage de dioxyde de carbone |
| 710 | 1 |aCanada. |bRessources naturelles Canada. |
| 710 | 1 |aCanada.|bBureau de recherche et de développement énergétiques. |
| 775 | 08|tAquistore Project, a deep saline CO2 storage demonstration project |w(CaOODSP)9.846608 |
| 856 | 40|qPDF|s694 Ko|uhttps://publications.gc.ca/collections/collection_2018/rncan-nrcan/m159/M159-14-2013-fra.pdf |